|
|
|
|
| LEADER |
00000nam a2200000Ii 4500 |
| 001 |
DIGEPUJ0525 |
| 003 |
NyNyDIG |
| 006 |
m o d |
| 007 |
cr ||||||||||| |
| 008 |
260205s2025 ck o ob 000 0 spa d |
| 035 |
|
|
|a (OCoLC)1550908021
|
| 040 |
|
|
|a DGITA
|b eng
|e rda
|e pn
|c DGITA
|
| 020 |
|
|
|a 9786285020193
|q (electrónico)
|
| 020 |
|
|
|z 9786285020186
|q (impreso)
|
| 024 |
7 |
|
|a http://doi.org/10.11144/Javeriana.9786285020193
|2 doi
|
| 043 |
|
|
|a s-ck---
|
| 050 |
1 |
4 |
|a F2281.M23 ebook
|
| 082 |
0 |
4 |
|a 303.62
|2 23
|
| 100 |
1 |
|
|a Solarte Rodríguez, Mario Roberto,
|e author.
|
| 245 |
1 |
0 |
|a Memoria de futuro :
|b perspectivas de la memoria amorosa de las víctimas del conflicto armado en el Magdalena Medio /
|c Mario Roberto Solarte Rodríguez [and 4 others].
|
| 250 |
|
|
|a Primera edición.
|
| 264 |
|
1 |
|a Bogotá :
|b Editorial Pontificia Universidad Javeriana,
|c [2025]
|
| 300 |
|
|
|a 1 online resource :
|b photographs.
|
| 336 |
|
|
|a text
|b txt
|2 rdacontent
|
| 337 |
|
|
|a computer
|b c
|2 rdamedia
|
| 338 |
|
|
|a online resource
|b cr
|2 rdacarrier
|
| 347 |
|
|
|a text file
|2 rdaft
|
| 347 |
|
|
|b EPUB
|
| 490 |
1 |
|
|a Colección Libros de investigación Vicerrectoría Académica
|
| 504 |
|
|
|a Includes bibliographical references.
|
| 588 |
0 |
|
|a Online resource; title from ePub title page (Digitalia, viewed February 5, 2026)
|
| 650 |
|
0 |
|a Political violence
|z Colombia
|z Magdalena Medio.
|
| 650 |
|
0 |
|a Forced migration
|z Colombia
|z Magdalena Medio.
|
| 650 |
|
0 |
|a Violence
|x History
|z Colombia
|z Magdalena Medio.
|
| 650 |
|
0 |
|a War victims
|x Social aspects
|z Colombia
|z Magdalena Medio.
|
| 791 |
2 |
|
|a Digitalia (Firm),
|e distributor.
|
| 793 |
0 |
|
|g Digitalia eBook Collection:
|a Pontificia Universidad Javeriana
|
| 776 |
0 |
8 |
|i Print version:
|a Solarte Rodríguez, Mario Roberto.
|t Memoria de futuro.
|b Primera edición.
|d Bogotá : Editorial Pontificia Universidad Javeriana, [2025]
|z 9786285020186
|
| 830 |
|
0 |
|a Colección Libros de investigación Vicerrectoría Académica.
|
| 856 |
4 |
0 |
|3 Digitalia Hispánica
|u https://www.digitaliapublishing.com/a/183386/
|
| 910 |
|
|
|a Premium collection: 2026
|